00542nam a22001457a 4500040000900000082001200009100003500021110005100056245008800107260004400195650002300239942001200262999001900274952010300293 cNUST a220 PRO aMaira Khan Yumna Aftab 986228 aProject Supervisor Dr. Shoab Ahmad Khan986229 aPR-SOF-2075-Cardiac Decision Support System For Near Real-Time Arrhythmia Detection aISLAMABAD:bNUST COLLEGE OF EME,c2021. aDE-ELECT-39986230 2ddccPR c587258d587258 00102ddc4070aCEMEbCEMEcREFd2021-12-09l0o220 PROpPR-SOF-2075r2021-12-09w2021-12-09yREF